| 000 | 00529ntaaa2200181 4500 | ||
|---|---|---|---|
| 003 | 01 | ||
| 005 | 20251027201535.0 | ||
| 008 | 0714s1973 ag 01 | ||
| 040 |
_aAR-BaBN _bspa _cAR-BaBN _eaacr _dRIC |
||
| 082 | _a227.8000 M62 | ||
| 100 |
_aMilligan, George _914054 |
||
| 245 | _aSt. Paul's Epistles to the Thessalonians; the Greek text with introduction and notes. | ||
| 250 |
_a1 ed. : _bEerdmans, _c1908 |
||
| 300 | _acix, 195 p. | ||
| 650 | _aBiblia-Nuevo Testamento-Tesalonicenses | ||
| 650 | _aTesalonicenses | ||
| 942 | _cBK | ||
| 999 |
_c10013 _d10013 |
||